Rabindranath Tagore (Record no. 12859)

MARC details
000 -LEADER
fixed length control field 00595nam a2200229 a 4500
020 ## - INTERNATIONAL STANDARD BOOK NUMBER
ISBN
082 00 - DEWEY DECIMAL CLASSIFICATION NUMBER
Classification number 928
Author Cutter DUT
100 ## - MAIN ENTRY--AUTHOR NAME
Author name Dutta, Krishna
245 ## - TITLE STATEMENT
Title Rabindranath Tagore
Sub title the Myriad-Minded Man
260 ## - PUBLICATION, DISTRIBUTION, ETC. (IMPRINT)
Place of publication New York
Name of publisher St. Martin`s Press
Year of publication 1995
300 ## - PHYSICAL DESCRIPTION
Number of Pages 493p
500 ## - GENERAL NOTE
General note includes index and biblioraphy
505 2# - FORMATTED CONTENTS NOTE
Formatted contents note Appendix, Notes, Bibliography, Index
650 ## - SUBJECT ADDED ENTRY--TOPICAL TERM
Topical Term Tagore, Rabindranath
942 ## - ADDED ENTRY ELEMENTS (KOHA)
Koha item type Books
Holdings
Collection code Home library Current library Date acquired Cost, normal purchase price Full call number Accession Number Koha item type
  Henry Martyn Institute Library Henry Martyn Institute Library 07/31/2007 1564.00 928 DUT 019411 Books
                   Copyright © 2026 | Henry Martyn Institute | Hyderabad | TS-500052 | INDIA | Implemented by hmi.edu.in
Hit-Count:

Powered by Koha